00686 a2200205 45000010006000000050017000060080041000230030015000640400040000790800038001192450027001570200022001842640036002063000019002425050074002610410008003351000021003437000021003648560095003854386420260407155719.0260407a1992 arg spa dAR-UNSa-BCEJYS aAR-UNSa-BCEJYSbspacAR-UNSa-BCEJYS a911.3:33xGeografía económica10aGeografía y comercio a978-84-85855-64-3 1aBarcelona :bAntoni Boschc1992 a152 p.c22 cm. a1. Centro y periferia - 2. Localización - 3. Regiones y naciones -  aspa1 aMéndez, Alfons1 aKrugman, Paul R.41uhttps://biblioeco.unsa.edu.ar/pmb/images/libros/L126829.jpgyImagen de portadaqimage/jpeg